000 00597cam a2200229 4500
001 J2493
008 090401t1994 xxu||||| |||| 00| 0 eng d
035 _a(Sirsi) u49357
041 _aeng
050 _a380.1
110 _aIncorporated Society of Valuers and Auctioneers
_91201
245 _aBuying and selling your home at auction: a guide.
260 _aLondon
_bISVA
_c1994
300 _a4p. ; 21cm.
350 _a0
650 _aAuctioneering
_96218
650 _aHOUSE SALES
650 _aAuctioneering
_96218
690 _aAuctioneering
_96218
942 _n0
948 _c04/03/1997
999 _c92554
_d92554